000 01115nam a22003377a 4500
003 CHAP
005 20220817044536.0
008 120823s2011 mx r 00010 spa d
010 _a103720
011 _a104692
020 _a97886071202017
035 _a115382
040 _cCHAP
090 _aFolleto 18337
245 0 0 _aDocumento de diagnóstico de Portulaca oleracea L.
_c/por Luz María Mera Ovando ...[et al.]
260 _aChapingo, Méx. :
_bUACH,
_c2011
300 _a42 p. :
_bilus., gráfs., cuadros
590 _aBATCH-UPD
_b10
_c20130110
_lUCH01
_h0843
590 _aBATCH-UPD
_b10
_c20130410
_lUCH01
_h0517
590 _aBATCH-UPD
_b10
_c20130914
_lUCH01
_h1538
590 _aCONVERSION
_b10
_c20130109
_lUCH01
_h1357
650 1 4 _aGenética vegetal.
650 1 4 _aPlantas comestibles
_xMéxico.
_988915
650 1 4 _aSemillas
_xCertificación.
_9103883
650 1 4 _aVerdolaga
_xRendimiento.
_9118857
650 1 4 _aVerdolaga
_xSemilla.
_9118858
700 0 _aMera Ovando, Luz María.
_974864
901 _aBK
942 _cFOLL
949 _aFolleto 18337
_bBC
_cUACH
_d33724002320819
_eUACH
_i115382
_st
999 _c103720
_d103720